| 000 | 01672nam a22003017a 4500 | ||
|---|---|---|---|
| 003 | OSt | ||
| 005 | 20260327160216.0 | ||
| 008 | 260327t2018 xxu||||| |||| 00| 0 spa d | ||
| 020 | _a9788494071164 | ||
| 040 |
_aUnicoc _bspa _c00001 _d00001 |
||
| 082 | _a154.4 | ||
| 100 |
_912848 _aGarcía García, Andrés |
||
| 245 |
_aaprendizaje complejo _c/ Andrés García García |
||
| 250 | _a2 Ed. | ||
| 260 |
_aEspaña : _bLibrería San Bernardo _c2018 |
||
| 300 |
_a195 páginas _bDiagramas, ilustraciones |
||
| 500 | _aIncluye referencias bibliográficas | ||
| 505 |
_t1. Contextualización histórico-filosófica de la psicología del aprendizaje complejo. -- _t2. La psicología del aprendizaje complejo en el marco de la ciencia. -- _t3. Elementos procedimentales en el estudio del aprendizaje complejo. -- _t4. Conducta verbal. -- _t5. Categorización. -- _t6. Estudio de la conciencia desde el análisis experimental del comportamiento. -- _t7. Síntesis de conductas complejas. -- _t8. Razonamiento y solución de problemas. -- _t9. Relaciones derivadas en humanos. -- _t10. Seminarios sobre aprendizaje complejo. -- _t11. Trabajo de grupo pequeño (prácticas). |
||
| 526 | _5Unicoc | ||
| 546 | _aEspañol | ||
| 650 | 0 |
_910096 _aPsicología del aprendizaje |
|
| 650 | 0 |
_912849 _aConducta verbal |
|
| 650 | 0 |
_912850 _aAprendizaje complejo |
|
| 650 | 0 |
_912802 _aPsicología del comportamiento |
|
| 658 | 0 |
_910741 _aPrograma de Psicología |
|
| 856 |
_yAcceso online exclusivo para comunidad Unicoc. _uhttps://unicoceduco-my.sharepoint.com/:b:/g/personal/direccionbiblioteca_unicoc_edu_co/IQCI28F1_0ujSbh8Vesga7qvAbdOPsGKQVqGTpUeAQSoRso |
||
| 942 |
_2ddc _cEBOOK |
||
| 999 |
_c10804 _d10804 |
||